Principles and Practice of Nursing I & II/ (Record no. 1783)
[ view plain ]
| 000 -LEADER | |
|---|---|
| Fixed length control field | 00571nam a2200217Ia 4500 |
| 003 - CONTROL NUMBER IDENTIFIER | |
| Control field | IIN |
| 005 - DATE AND TIME OF LATEST TRANSACTION | |
| Control field | 20250430130945.0 |
| 008 - FIXED-LENGTH DATA ELEMENTS--GENERAL INFORMATION | |
| Fixed length control field | 250430s2024 xx ad 001 0 eng d |
| 020 ## - INTERNATIONAL STANDARD BOOK NUMBER / ISBN | |
| Price | Rs.1200.00 |
| International Standard Book Number | 8185605777 |
| 040 ## - CATALOGING SOURCE | |
| Original cataloging agency | IIN |
| Language of cataloging | English |
| 082 ## - DEWEY DECIMAL CLASSIFICATION NUMBER | |
| Classification number | 610.730693 |
| Book Number | NAN |
| 100 1# - MAIN ENTRY--PERSONAL NAME | |
| Personal name | Nancy, S.R. |
| 245 1# - TITLE STATEMENT | |
| Title | Principles and Practice of Nursing I & II/ |
| Statement of responsibility | S. R. Nancy |
| 250 ## - EDITION STATEMENT | |
| Edition statement | 8th ed |
| 260 ## - IMPRINT | |
| Name of publisher | N. R. Brothers |
| Place of publication | Indore |
| Date of publication | 2024 |
| 300 ## - PHYSICAL DESCRIPTION | |
| Page / Vol. No | 1135 p. |
| Other physical details | ill. |
| 500 ## - GENERAL NOTE | |
| General note | Includes Index |
| 650 1# - SUBJECT ADDED ENTRY--TOPICAL TERM | |
| Topical term | Foundation |
| Form subdivision | Nursing |
| 650 1# - SUBJECT ADDED ENTRY--TOPICAL TERM | |
| Topical term | Nursing, Practice |
| 942 ## - ADDED ENTRY ELEMENTS (KOHA) | |
| Koha item type | Books |
| Withdrawn status | Lost status | Source of classification | Damaged status | Not for loan | Collection code | Home library | Current library | Shelving location | Date acquired | Price | Total Checkouts | Call number | Accession number | Date last seen | Price effective from | Koha item type |
|---|---|---|---|---|---|---|---|---|---|---|---|---|---|---|---|---|
| Dewey Decimal Classification | Purches Book | IDEAL INSTITUTE OF NURSING | IDEAL INSTITUTE OF NURSING | General Stacks | 11/03/2025 | 1200.00 | 610.730693 NAN | 1959 | 30/04/2025 | 30/04/2025 | Books |
